Normal view
MARC view
- Dynamics
Entry Topical Term
001 - CONTROL NUMBER
- control field: 707
003 - CONTROL NUMBER IDENTIFIER
- control field: OSt
005 - DATE AND TIME OF LATEST TRANSACTION
- control field: 20170503105355.0
008 - FIXED-LENGTH DATA ELEMENTS
- fixed length control field: 170503|| aca||aabn | a|a d
040 ## - CATALOGING SOURCE
- Original cataloging agency: OSt
- Transcribing agency: OSt
150 ## - HEADING--TOPICAL TERM
- Topical term or geographic name entry element: Dynamics
670 ## - SOURCE DATA FOUND
- Source citation: Work cat.: (OSt): Korn, Granino A. 705, Interactive dynamic system simulation /, c1989.

PORTAL AKMAL
E-MEL JKDM
AKMAL2U
G-BAM
u-PUSTAKA